000 00342nam a2200145 i 4500
001 bg
100 1 _aRISMAN, G. A.
245 0 _aKurs obscej fiziki.
_nT. 1 /
_cG.A. Risman, O.M. Todes.
260 _aMoskva,
_c1972.
700 1 _aTODES, O. M.
040 _cBPK
041 _apol
942 _cKS
008 s pl f |000 0 pol
999 _c14361
_d14361
856 _uhttp://koha.tu.koszalin.pl/cgi-bin/koha/opac-detail.pl?biblionumber=14361
_yKatalog online BPK